[Event "4th Alexander the Great Open"]
[Site "Neos Marmaras GRE"]
[Date "2012.04.17"]
[Round "2"]
[Board "10"]
[White "Sanders, Isaac B"]
[Black "Grapsa, Georgia"]
[Result "1-0"]
[WhiteElo "2097"]
[BlackElo "2018"]
[WhiteFideId "417661"]
[BlackFideId "4206436"]
[EventDate "2012.04.16"]

1. d4 Nf6 2. c4 e6 3. Nc3 Bb4 4. e3 O-O 5. Bd3 Bxc3+ 6. bxc3 d6 7. e4 e5 8. d5
c6 9. Ne2 h6 10. O-O Na6 11. Ng3 Nc5 12. f3 Qa5 13. Qc2 Na4 14. Bd2 Bd7 15. Kh1
Rac8 16. f4 cxd5 17. exd5 e4 18. Nxe4 Nxe4 19. Bxe4 Rxc4 20. Bd3 Rc7 21. c4 Qc5
22. Rab1 Qd4 23. Bb4 Qf6 24. Qf2 b6 25. h3 Nc5 26. Bc2 Bf5 27. Rbe1 Nd3 28. Bxd3
Bxd3 29. Rg1 Rxc4 30. Bd2 Rfc8 31. Qg3 Bf5 32. Re2 Qd4 33. Rge1 Qxd5 34. Re8+
Kh7 35. Rxc8 Rxc8 36. Re2 Qxa2 37. Qf2 Rc2 38. Qe3 Rxd2 39. Rxd2 Qa1+ 40. Kh2 h5
41. Rxd6 b5 42. Rd5 g6 43. Rxb5 Kg7 44. Rb7 a5 45. Qe7 Qf6 46. Qxf6+ Kxf6 47.
Ra7 h4 48. Rxa5 g5 49. fxg5+ Kxg5 50. Ra4 Be6 51. Rb4 f5 52. Kg1 Bd5 53. Kf2 Be4
54. Rb5 Kg6 55. Rb8 Kg7 56. Rb6 Kh7 57. g3 hxg3+ 58. Kxg3 Bd3 59. Kf4 Bf1 60. h4
Bd3 61. Kg5 Be4 62. Ra6 Bd3 63. Ra7+ Kh8 64. Kf4 Be4 65. h5 Bd3 66. h6 Bc2 67.
h7 Be4 68. Rc7 Bd5 69. Kg5 f4 70. Kh6 1-0

[Event "4th Alexander the Great Open"]
[Site "Neos Marmaras GRE"]
[Date "2012.04.17"]
[Round "2"]
[Board "11"]
[White "Papasimakopoulos, Alexandros"]
[Black "Xaxiris, E."]
[Result "1/2-1/2"]
[WhiteElo "2019"]
[BlackElo "2062"]
[WhiteFideId "4244125"]
[BlackFideId "4206720"]
[EventDate "2012.04.16"]

1. d4 Nf6 2. c4 e6 3. Nc3 Bb4 4. Qc2 c5 5. dxc5 O-O 6. a3 Bxc5 7. Nf3 b6 8. Bg5
Bb7 9. e4 h6 10. Bh4 g5 11. Bg3 d5 12. O-O-O Nbd7 13. exd5 exd5 14. cxd5 Rc8 15.
Kb1 Re8 16. Bb5 a6 17. Bc6 Bxc6 18. dxc6 Rxc6 19. Ne5 Rce6 20. Nxd7 Nxd7 21. Qd3
Qa8 22. Qxd7 Qxg2 23. h4 g4 24. Qd5 Qxd5 25. Nxd5 Rc8 26. Rhe1 Rcc6 27. Rxe6
Rxe6 28. Nf4 Re4 29. Kc2 Bxf2 30. Bxf2 Rxf4 31. Bxb6 h5 32. Rd6 g3 33. Rd3 Rg4
34. Rd4 Rg6 35. Rd8+ Kg7 36. Bd4+ f6 37. Rd7+ Kg8 38. Rd5 Rg4 39. Ba7 Rxh4 40.
Ra5 Rh2+ 41. Kc3 h4 42. Rxa6 Kf7 43. b4 h3 44. Bd4 Rf2 45. Ra7+ Kg6 46. Ra8 h2
47. Rh8 Rf1 48. b5 h1=Q 49. Rxh1 Rxh1 50. a4 Kf5 51. b6 Ke6 52. a5 Kd7 53. a6
Kc6 54. b7 Rb1 55. Bxf6 g2 56. Bd4 Kc7 57. Be5+ Kc6 58. Bh2 1/2-1/2

[Event "4th Alexander the Great Open"]
[Site "Neos Marmaras GRE"]
[Date "2012.04.17"]
[Round "2"]
[Board "12"]
[White "Avagianos, Simeon"]
[Black "Rautanen, Sari"]
[Result "1/2-1/2"]
[WhiteElo "2060"]
[BlackElo "2005"]
[WhiteFideId "4208455"]
[BlackFideId "502332"]
[EventDate "2012.04.16"]

1. d4 d6 2. e4 Nf6 3. f3 e5 4. dxe5 dxe5 5. Qxd8+ Kxd8 6. Be3 Be6 7. Nd2 Bd6 8.
Bc4 Ke7 9. Bxe6 Kxe6 10. Nc4 Nbd7 11. Nxd6 Kxd6 12. Ne2 Ke6 13. O-O-O Rhd8 14.
Rd3 Nb6 15. Rhd1 Rd7 16. b3 Rad8 17. Kb2 Nc8 18. a4 a6 19. Rxd7 Rxd7 20. Rxd7
Nxd7 1/2-1/2

[Event "4th Alexander the Great Open"]
[Site "Neos Marmaras GRE"]
[Date "2012.04.17"]
[Round "2"]
[Board "14"]
[White "Spirliadis, Achileas"]
[Black "Marantidis, Panagiotis"]
[Result "1-0"]
[WhiteElo "2053"]
[BlackElo "1924"]
[WhiteFideId "4215770"]
[BlackFideId "4210441"]
[EventDate "2012.04.16"]

1. e4 c5 2. Nf3 Nc6 3. d4 cxd4 4. Nxd4 e5 5. Nb5 a6 6. N5c3 Bb4 7. Bc4 Nge7 8.
O-O b5 9. Bb3 Nd4 10. Nd5 Nxb3 11. axb3 Bc5 12. b4 Ba7 13. Be3 Bxe3 14. Nxe3 O-O
15. Qd6 Ng6 16. Nc3 Bb7 17. Rfd1 Qg5 18. Qxd7 Bc8 19. Qd2 Nh4 20. Kh1 h5 21. f3
Ng6 22. Nxb5 Bb7 23. Nd6 Rad8 24. Nef5 Qf6 25. Qf2 Rd7 26. Nxb7 Rxb7 27. Rd6 Qg5
28. h4 Nxh4 29. Qxh4 Qxh4+ 30. Nxh4 Rxb4 31. b3 g6 32. Raxa6 Rc8 33. Nxg6 fxg6
34. Rxg6+ Kf7 35. Rgc6 Re8 36. Rh6 Rd4 37. Ra7+ Kg8 38. Rxh5 Rd1+ 39. Kh2 Rc1
40. Rc7 Rb1 41. Rg5+ Kh8 42. Kh3 Rh1+ 43. Kg4 Rh7 44. Rxh7+ Kxh7 45. Kf5 Kh6 46.
Rg6+ Kh7 47. Re6 Rg8 48. Kxe5 Rxg2 49. c4 Rb2 50. Rb6 Kg7 51. f4 Kf7 52. f5 1-0

[Event "4th Alexander the Great Open"]
[Site "Neos Marmaras GRE"]
[Date "2012.04.17"]
[Round "2"]
[Board "15"]
[White "Ioannidis, Evgenios"]
[Black "Lappas, Konstantinos"]
[Result "1-0"]
[WhiteTitle "FM"]
[WhiteElo "1908"]
[BlackElo "2032"]
[WhiteFideId "4229274"]
[BlackFideId "4275748"]
[EventDate "2012.04.16"]

1. e4 c6 2. Nc3 g6 3. Nf3 Bg7 4. Bc4 d6 5. O-O e6 6. d4 b5 7. Bd3 a6 8. Bg5 Qb6
9. e5 d5 10. a4 b4 11. a5 Qc7 12. Ne2 Nd7 13. c3 bxc3 14. bxc3 c5 15. Qa4 h6 16.
Be3 c4 17. Bb1 Ne7 18. Bc1 Nc6 19. Ba3 Bf8 20. Bxf8 Kxf8 21. Nf4 Ndb8 22. Bxg6
fxg6 23. Nxg6+ Kg7 24. Nxh8 Kxh8 25. Nh4 Kg7 26. Qc2 Qf7 27. f4 Ne7 28. g4 Ng6
29. Nxg6 Qxg6 30. Qxg6+ Kxg6 31. Rab1 Nc6 32. Rb6 Nd8 33. h4 Kg7 34. f5 Ra7 35.
f6+ Kg6 36. Kh2 Rb7 37. h5+ Kf7 38. g5 hxg5 39. Rxb7+ Bxb7 40. h6 Kg8 41. f7+
Nxf7 42. h7+ Kh8 43. Rxf7 Bc6 44. Kg3 Ba4 45. Kg4 Bc2 46. Kxg5 Bg6 47. Ra7 Bf7
48. Kh6 Be8 49. Rxa6 Bc6 50. Rb6 Bb7 51. a6 Bc8 52. a7 1-0

[Event "4th Alexander the Great Open"]
[Site "Neos Marmaras GRE"]
[Date "2012.04.18"]
[Round "3"]
[Board "1"]
[White "Pein, Malcolm"]
[Black "Mastrovasilis, Athanasios"]
[Result "1-0"]
[WhiteTitle "IM"]
[BlackTitle "GM"]
[WhiteElo "2382"]
[BlackElo "2510"]
[WhiteFideId "400289"]
[BlackFideId "4201990"]
[EventDate "2012.04.16"]

1. d4 Nf6 2. c4 e6 3. Nc3 Bb4 4. e3 b6 5. Ne2 Ba6 6. Ng3 Bxc3+ 7. bxc3 d5 8. Qf3
O-O 9. cxd5 exd5 10. Bxa6 Nxa6 11. O-O c5 12. Qe2 Nc7 13. f3 Re8 14. Bb2 Re6 15.
Rae1 h5 16. Qf2 Qf8 17. e4 h4 18. Nf5 dxe4 19. fxe4 Nxe4 20. Qxh4 Rae8 21. Rxe4
Rxe4 22. Qg3 g6 23. Bc1 R8e7 24. Bg5 Nd5 25. Bxe7 Nxe7 26. Nd6 Re6 27. Nxf7 Kg7
28. Ng5 Rf6 29. Qe5 1-0

[Event "4th Alexander the Great Open"]
[Site "Neos Marmaras GRE"]
[Date "2012.04.18"]
[Round "3"]
[Board "2"]
[White "Miskulin, Dennis"]
[Black "Galopoulos, Nikolaos"]
[Result "1/2-1/2"]
[WhiteElo "2188"]
[BlackElo "2430"]
[WhiteFideId "1705520"]
[BlackFideId "4208951"]
[EventDate "2012.04.16"]

1. e4 d5 2. exd5 Qxd5 3. Nc3 Qa5 4. d4 Nf6 5. Nf3 c6 6. Bc4 Bf5 7. Bd2 e6 8. Nd5
Qd8 9. Nxf6+ gxf6 10. Bf4 Bd6 11. Qd2 Bxf4 12. Qxf4 Qa5+ 13. c3 Nd7 14. Bb3 Rg8
15. Nd2 O-O-O 16. Nc4 Qc7 17. Qxc7+ Kxc7 18. Ne3 Bg6 19. f3 h5 20. Kf2 h4 21.
Rhe1 Rh8 1/2-1/2

[Event "4th Alexander the Great Open"]
[Site "Neos Marmaras GRE"]
[Date "2012.04.18"]
[Round "3"]
[Board "3"]
[White "Haznedaroglu, Kivanc"]
[Black "Skytte, Rasmus"]
[Result "1-0"]
[WhiteTitle "GM"]
[BlackTitle "IM"]
[WhiteElo "2419"]
[BlackElo "2376"]
[WhiteFideId "6300634"]
[BlackFideId "1404210"]
[EventDate "2012.04.16"]

1. e4 c5 2. Nf3 Nc6 3. Nc3 e6 4. d4 cxd4 5. Nxd4 Qc7 6. Be3 a6 7. Be2 b5 8. Nxc6
dxc6 9. O-O Bb7 10. a4 b4 11. Nb1 Nf6 12. Nd2 c5 13. Bd3 Be7 14. Qf3 O-O 15.
Rfe1 Nd7 16. Nc4 Rac8 17. Bf4 e5 18. Bc1 Nb8 19. Qg3 Nc6 20. c3 Rcd8 21. Bf1 Kh8
22. Be3 f6 23. f3 bxc3 24. bxc3 Na5 25. Reb1 Bc6 26. Nd2 Qd7 27. Qe1 Rb8 28. Qc1
Qe6 29. Qc2 c4 30. Rxb8 Rxb8 31. Rb1 Rxb1 32. Qxb1 Bxa4 33. Nxc4 Nb3 34. Nb6 Bb5
35. Bxb5 axb5 36. Nd5 Nc5 37. Qxb5 Nd7 38. c4 Qd6 39. c5 Nxc5 40. Nxe7 1-0

[Event "4th Alexander the Great Open"]
[Site "Neos Marmaras GRE"]
[Date "2012.04.18"]
[Round "3"]
[Board "4"]
[White "Ladopoulos, Dimitrios"]
[Black "Djukic, Sandra"]
[Result "1/2-1/2"]
[BlackTitle "WIM"]
[WhiteElo "1968"]
[BlackElo "2203"]
[WhiteFideId "4239580"]
[BlackFideId "931390"]
[EventDate "2012.04.16"]

1. e4 c5 2. Nf3 Nc6 3. d4 cxd4 4. Nxd4 Qc7 5. Nc3 e6 6. Be3 a6 7. Qd2 Nf6 8.
O-O-O Be7 9. f3 O-O 10. g4 b5 11. g5 Ne8 12. f4 Bb7 13. Bd3 Na5 14. Rhg1 Nc4 15.
Bxc4 Qxc4 16. Nb3 Bb4 17. Qxd7 Bc6 18. Qd3 Bxc3 19. Qxc3 Qxc3 20. bxc3 Bxe4 21.
Bc5 Nc7 22. Bxf8 Kxf8 23. Rd7 Nd5 24. Nc5 Nxc3 25. Kb2 Rc8 26. Kxc3 Rxc5+ 27.
Kd4 Rc4+ 28. Ke5 Bc6 29. Rc7 Re4+ 30. Kd6 Be8 31. Rf1 g6 32. Rf3 b4 33. c4 bxc3
34. Rcxc3 Bb5 35. a3 Kg7 36. h4 Rd4+ 37. Kc5 Rd5+ 38. Kb6 Rd6+ 39. Ka5 Rd5 40.
Kb6 Rd6+ 41. Ka5 1/2-1/2

[Event "4th Alexander the Great Open"]
[Site "Neos Marmaras GRE"]
[Date "2012.04.18"]
[Round "3"]
[Board "5"]
[White "Drenchev, Petar"]
[Black "Ali Marandi, Cemil Can"]
[Result "1-0"]
[WhiteTitle "GM"]
[BlackTitle "FM"]
[WhiteElo "2499"]
[BlackElo "2315"]
[WhiteFideId "2903261"]
[BlackFideId "6300529"]
[EventDate "2012.04.16"]

1. c4 e5 2. Nc3 Nf6 3. g3 d5 4. cxd5 Nxd5 5. Bg2 Nb6 6. Nf3 Nc6 7. O-O Be7 8. a3
g5 9. d3 g4 10. Nd2 Be6 11. b4 Qd7 12. Nb3 O-O-O 13. Ne4 Bxb3 14. Qxb3 Nd4 15.
Qd1 f5 16. Nc5 Bxc5 17. bxc5 Nd5 18. Bd2 f4 19. Rb1 Rhf8 20. Be4 c6 21. Kh1 f3
22. e3 Ne6 23. Qa4 Kb8 24. Rfc1 h5 25. Bc3 Nxc3 26. Rxc3 Rc8 27. Qc4 Ng5 28.
Rcb3 Rc7 29. h4 gxh3 30. Kh2 h4 31. g4 Nf7 32. Bf5 Qe7 33. e4 Nh6 34. Kxh3 Qg5
35. Rg1 Qd2 36. Qc1 Qxf2 37. Qxh6 Rxf5 38. Qh8+ Rc8 39. Qg7 Rc7 40. Qg8+ Rc8 41.
Rxb7+ Kxb7 42. Rb1+ Kc7 43. Qg7+ Kd8 44. gxf5 Qg2+ 45. Qxg2 fxg2 46. Kxg2 Ke7
47. Rb7+ Kf6 48. Rd7 Rg8+ 49. Kh3 Kg5 50. Rd6 Kf4 51. f6 Rc8 52. f7 Rf8 53. Rf6+
Ke3 54. Kxh4 Kxd3 55. Kg5 Kxe4 56. Kg6 Kd5 57. Kg7 Rc8 58. f8=Q Rxf8 59. Kxf8 1-0

[Event "4th Alexander the Great Open"]
[Site "Neos Marmaras GRE"]
[Date "2012.04.18"]
[Round "3"]
[Board "6"]
[White "Antic, Dejan"]
[Black "Sanders, Isaac B"]
[Result "1-0"]
[WhiteTitle "GM"]
[WhiteElo "2513"]
[BlackElo "2097"]
[WhiteFideId "901008"]
[BlackFideId "417661"]
[EventDate "2012.04.16"]

1. d4 Nf6 2. c4 g6 3. Nc3 Bg7 4. e4 d6 5. Nf3 O-O 6. Be2 e5 7. O-O Nc6 8. d5 Ne7
9. b4 Nh5 10. g3 h6 11. Nd2 Nf6 12. c5 Ne8 13. Nc4 f5 14. f3 Bd7 15. a4 Kh8 16.
Ba3 h5 17. b5 Rf6 18. a5 g5 19. b6 dxc5 20. Bxc5 axb6 21. axb6 Rxa1 22. Qxa1
cxb6 23. Bf2 Rh6 24. Rb1 Nd6 25. Bxb6 Qe8 26. Nxd6 Rxd6 27. Bc5 Rf6 28. Rxb7 Nc8
29. Qa5 Rf7 30. Qc7 Be6 31. Qc6 Qxc6 32. dxc6 Bf8 33. Bxf8 Rxf8 34. Rb5 Kg7 35.
Rxe5 Kf6 36. Rb5 Ke7 37. e5 Kd8 38. Rb7 h4 39. Nb5 hxg3 40. hxg3 f4 41. Bc4 1-0

[Event "4th Alexander the Great Open"]
[Site "Neos Marmaras GRE"]
[Date "2012.04.18"]
[Round "3"]
[Board "7"]
[White "Tassopoulos, Marios"]
[Black "Kanmazalp, Ogulcan"]
[Result "1/2-1/2"]
[WhiteTitle "FM"]
[BlackTitle "IM"]
[WhiteElo "2222"]
[BlackElo "2389"]
[WhiteFideId "4206282"]
[BlackFideId "6304990"]
[EventDate "2012.04.16"]

1. e4 c5 2. Nf3 g6 3. d4 cxd4 4. Nxd4 Bg7 5. Nc3 Nc6 6. Be3 Nf6 7. Nxc6 bxc6 8.
e5 Nd5 9. Nxd5 cxd5 10. Qxd5 Rb8 11. Bc4 O-O 12. O-O-O d6 13. Bxa7 Be6 14. Qd3
Bxc4 15. Qxc4 Rc8 16. Qb3 Bxe5 17. Bd4 Rb8 18. Qc3 Rc8 19. Qb3 Qa5 20. Bxe5 Qxe5
21. Qe3 Qf5 22. Rd2 Rc7 23. Re1 Rfc8 24. Qb3 e6 25. Re3 d5 26. Qd3 Qf6 27. c3
Rc4 28. Rc2 Qg5 29. g3 d4 30. f4 Qa5 31. Re4 Qxa2 32. Rxd4 Rxd4 33. Qxd4 Qa1+
34. Kd2 Qa8 35. Ke3 Rd8 36. Qe4 Qa1 37. Qg2 Qa7+ 38. Ke2 Qd7 39. Qe4 Qb5+ 40.
Kf2 Rd1 41. Re2 Qc5+ 42. Qe3 Qd5 43. Qe4 Qc5+ 1/2-1/2

[Event "4th Alexander the Great Open"]
[Site "Neos Marmaras GRE"]
[Date "2012.04.18"]
[Round "3"]
[Board "8"]
[White "Stojanovic, Andjelija"]
[Black "Tsarouhas, Vasilios"]
[Result "1-0"]
[WhiteTitle "WGM"]
[WhiteElo "2324"]
[BlackElo "2139"]
[WhiteFideId "928682"]
[BlackFideId "4203437"]
[EventDate "2012.04.16"]

1. Nf3 Nf6 2. g3 g6 3. Bg2 Bg7 4. O-O O-O 5. d3 c5 6. e4 d6 7. h3 Nc6 8. c3 Rb8
9. Re1 e5 10. a3 Ne8 11. b4 Nc7 12. Bg5 f6 13. Be3 b6 14. b5 Ne7 15. d4 Bb7 16.
dxc5 dxc5 17. Qb3+ Kh8 18. Nbd2 Qe8 19. a4 f5 20. Nc4 Qf7 21. Ng5 Qg8 22. exf5
Bxg2 23. Kxg2 gxf5 24. Rad1 Ned5 25. Bd2 Rbd8 26. Kh2 e4 27. h4 h6 28. Nh3 Ne6
29. Ne3 Nf6 30. Ng2 Ng4+ 31. Kg1 c4 32. Qxc4 Ne5 33. Qe2 Nf3+ 34. Kh1 Nxe1 35.
Rxe1 Kh7 36. Ngf4 Be5 37. Nxe6 Qxe6 38. Bf4 Bxc3 39. Rc1 Rd3 40. Be3 Be5 41. Rc6
Rd6 42. Rc7+ Kg8 43. Nf4 Bxf4 44. Bxf4 Rd7 45. Rc6 Qd5 46. Kh2 Qd1 47. Qa2+ Qd5
48. Qa3 Rff7 49. Rxh6 Qc5 50. Qb2 Qd4 51. Be5 1-0

[Event "4th Alexander the Great Open"]
[Site "Neos Marmaras GRE"]
[Date "2012.04.18"]
[Round "3"]
[Board "9"]
[White "Drljevic, Ljilja"]
[Black "Spirliadis, Achileas"]
[Result "0-1"]
[WhiteTitle "WIM"]
[WhiteElo "2278"]
[BlackElo "2053"]
[WhiteFideId "928879"]
[BlackFideId "4215770"]
[EventDate "2012.04.16"]

1. e4 d5 2. Nc3 d4 3. Nce2 e5 4. Nf3 f6 5. Ng3 Be6 6. Nxe5 fxe5 7. Qh5+ Kd7 8.
Qxe5 Nc6 9. Bb5 Qf6 10. Bxc6+ bxc6 11. Qa5 Bd6 12. c3 h5 13. d3 Rf8 14. Rf1 h4
15. Ne2 h3 16. g3 Qf3 17. Nxd4 Qxd3 18. Nxe6 Kxe6 19. Be3 Qb5 20. Qxb5 cxb5 21.
Bxa7 Nf6 22. f3 c5 23. e5 Bxe5 24. Bxc5 Rd8 25. Ke2 Rd5 26. Be3 Rhd8 27. a4 bxa4
28. Rxa4 Rb5 29. Bc1 Bc7 30. f4 Kf5 31. b4 Rbd5 32. c4 Rd4 33. c5 Ng4 34. Ra3
Re8+ 35. Be3 Rde4 36. Rf3 Rxb4 37. Kd1 Rb2 38. Bd2 Rd8 39. Rad3 Rxd3 40. Rxd3
Nf2+ 0-1

[Event "4th Alexander the Great Open"]
[Site "Neos Marmaras GRE"]
[Date "2012.04.18"]
[Round "3"]
[Board "10"]
[White "Ryabov, Igor"]
[Black "Gogolis, Alexandros"]
[Result "0-1"]
[BlackTitle "FM"]
[WhiteElo "2009"]
[BlackElo "2245"]
[WhiteFideId "24196088"]
[BlackFideId "4202066"]
[EventDate "2012.04.16"]

1. e4 d5 2. exd5 Qxd5 3. Nc3 Qa5 4. d4 Nf6 5. Bd2 Bg4 6. f3 Bd7 7. Bc4 Qb6 8.
Nge2 e6 9. Ne4 Nc6 10. c3 Na5 11. Bd3 Bb5 12. Bxb5+ Qxb5 13. b3 Nc6 14. O-O Be7
15. c4 Qb6 16. c5 Qa6 17. Bf4 O-O-O 18. Qc2 Nd5 19. Rfe1 Nxf4 20. Nxf4 Rxd4 21.
Ne2 Rd7 22. a3 Rhd8 23. b4 Qd3 24. Qa4 a6 25. b5 Qxb5 26. Qxb5 axb5 27. Rab1 f5
28. N4g3 Bxc5+ 29. Kf1 g6 30. Nf4 Nd4 31. Nge2 Nxe2 32. Nxe6 Nc3 33. Rbc1 Bd4
34. Nxd4 Rxd4 35. Rxc3 c6 36. Rce3 Rd3 37. Re7 R8d7 38. Re8+ Kc7 39. Ra8 Rd1 40.
Rxd1 Rxd1+ 41. Ke2 Rd7 42. Rg8 c5 43. h4 c4 44. h5 c3 45. hxg6 hxg6 46. Rh8 Rd2+
47. Ke3 Rxg2 48. Kd3 c2 49. Rh1 Kc6 50. Re1 Kc5 51. Re5+ Kb6 52. Re1 Ka5 53. Kc3
g5 54. a4 bxa4 0-1

[Event "4th Alexander the Great Open"]
[Site "Neos Marmaras GRE"]
[Date "2012.04.18"]
[Round "3"]
[Board "11"]
[White "Xaxiris, E."]
[Black "Ioannidis, Evgenios"]
[Result "1-0"]
[BlackTitle "FM"]
[WhiteElo "2062"]
[BlackElo "1908"]
[WhiteFideId "4206720"]
[BlackFideId "4229274"]
[EventDate "2012.04.16"]

1. d4 Nf6 2. c4 e6 3. Nc3 Bb4 4. Qc2 Nc6 5. Nf3 d6 6. e3 O-O 7. Bd3 e5 8. d5 Nb8
9. Bd2 a5 10. O-O-O Na6 11. h4 Qe8 12. Ng5 h6 13. f3 Bd7 14. g4 Bxc3 15. Bxc3
Nb4 16. Bxb4 axb4 17. Kb1 Ra5 18. Ne4 Nxe4 19. Bxe4 Qa8 20. b3 Qa7 21. Qf2 Ra8
22. Rd2 Ra3 23. Rb2 b5 24. Rc1 g6 25. Qd2 Qa5 26. c5 Kh8 27. c6 Bc8 28. Rg1 Qa7
29. g5 h5 30. Re1 Kh7 31. Re2 Qa5 32. Qd3 Qb6 33. Rf2 Qa7 34. f4 exf4 35. exf4
Bg4 36. f5 Rg8 37. fxg6+ fxg6 38. Rf7+ Kh8 39. Rbf2 Ra8 40. Rf8+ Rxf8 41. Rxf8+
Kg7 42. Qf1 Bf5 43. Bxf5 Rxa2 44. Rg8+ Kxg8 45. Be6+ Kh8 46. Qf8+ 1-0

[Event "4th Alexander the Great Open"]
[Site "Neos Marmaras GRE"]
[Date "2012.04.18"]
[Round "3"]
[Board "12"]
[White "Rautanen, Sari"]
[Black "Papasimakopoulos, Alexandros"]
[Result "0-1"]
[WhiteElo "2005"]
[BlackElo "2019"]
[WhiteFideId "502332"]
[BlackFideId "4244125"]
[EventDate "2012.04.16"]

1. e4 e6 2. d3 d5 3. Nd2 c5 4. Ngf3 Nc6 5. g3 g6 6. Bg2 Bg7 7. O-O Nge7 8. c3 b6
9. Re1 a5 10. Nf1 Ba6 11. exd5 exd5 12. Bf4 O-O 13. Qd2 Nf5 14. h4 h6 15. N1h2
Kh7 16. Ng4 Nce7 17. Rad1 Bc8 18. Ngh2 Nc6 19. Qc2 Be6 20. Ne5 Nfe7 21. Nhf3 Rc8
22. Nxc6 Nxc6 23. Ne5 Nxe5 24. Bxe5 d4 25. c4 Re8 26. Bxg7 Kxg7 27. Rd2 Bg4 28.
Qc1 Qf6 29. Re4 Bf5 30. Re1 Kf8 31. Rxe8+ Rxe8 32. Rd1 g5 33. hxg5 hxg5 34. Qd2
Kg7 35. Bf1 Qe7 36. a3 Kg6 37. b4 axb4 38. axb4 Bg4 39. Rb1 Bf3 40. Bg2 Bxg2 41.
Kxg2 Qb7+ 42. f3 Re3 43. Rf1 g4 44. Qd1 gxf3+ 45. Rxf3 cxb4 0-1

[Event "4th Alexander the Great Open"]
[Site "Neos Marmaras GRE"]
[Date "2012.04.18"]
[Round "3"]
[Board "13"]
[White "Haria, Ravi"]
[Black "Avagianos, Simeon"]
[Result "1/2-1/2"]
[WhiteElo "2060"]
[BlackElo "2060"]
[WhiteFideId "415820"]
[BlackFideId "4208455"]
[EventDate "2012.04.16"]

1. e4 b6 2. d4 Bb7 3. Bd3 Nf6 4. Qe2 e6 5. f4 c5 6. d5 exd5 7. exd5+ Qe7 8. c4
d6 9. Nc3 a6 10. a4 a5 11. Nb5 Kd8 12. b3 Na6 13. Bb2 Nc7 14. Nf3 Nxb5 15. axb5
Bc8 16. Qxe7+ Bxe7 17. O-O h6 18. Rae1 Nh5 19. Ne5 dxe5 20. fxe5 Rf8 21. Be2 g6
22. Bxh5 gxh5 23. d6 Bg5 24. e6 Bxe6 25. Rxe6 Kd7 26. Re4 f5 27. Re5 Rae8 28.
Rfe1 Rxe5 29. Bxe5 Re8 30. Kf2 Re6 31. Kf3 h4 32. h3 Bf6 33. Kf4 Bxe5+ 34. Rxe5
Rxd6 35. Rxf5 Rg6 36. Rh5 Rxg2 37. Rxh4 Rb2 38. Rxh6 Rxb3 39. h4 Rb4 40. Rxb6
Rxc4+ 41. Kg5 a4 42. h5 a3 43. Ra6 Rb4 44. h6 Rxb5 45. h7 Rb8 46. Rxa3 Kc6 47.
Rh3 Rh8 48. Kg6 Kd5 49. Kg7 Rxh7+ 50. Rxh7 c4 51. Kg6 Ke4 52. Rh4+ Kd5 53. Kg5
c3 54. Rh1 Kd4 55. Kg4 c2 56. Rc1 Kd3 57. Rxc2 1/2-1/2

[Event "4th Alexander the Great Open"]
[Site "Neos Marmaras GRE"]
[Date "2012.04.18"]
[Round "3"]
[Board "14"]
[White "Franco, William"]
[Black "Lappas, Konstantinos"]
[Result "1-0"]
[WhiteElo "2097"]
[BlackElo "2032"]
[WhiteFideId "4400909"]
[BlackFideId "4275748"]
[EventDate "2012.04.16"]

1. d4 Nf6 2. c4 g6 3. Nc3 Bg7 4. e4 d6 5. Nf3 O-O 6. Be2 c5 7. O-O Na6 8. Re1
Bd7 9. Bf1 cxd4 10. Nxd4 Nc5 11. Rb1 a5 12. b3 Re8 13. f3 Ne6 14. Be3 Nxd4 15.
Bxd4 Bc6 16. Qd2 Nd7 17. Nd5 Bxd4+ 18. Qxd4 Bxd5 19. exd5 Nc5 20. Re3 b6 21.
Rbe1 Nd7 22. g3 Nf6 23. a3 Qc7 24. h4 Ra7 25. b4 axb4 26. axb4 Ra2 27. b5 Ra4
28. g4 h6 29. g5 hxg5 30. hxg5 Nh5 31. Bd3 Qd7 32. Qg4 Qxg4+ 33. fxg4 Nf4 34.
Bf1 e5 35. dxe6 fxe6 36. Rd1 Rd8 37. Re4 e5 38. Rxe5 dxe5 39. Rxd8+ Kf7 40. Rd6
Ne6 41. Rxb6 Ke7 42. Kf2 Ra3 43. Ke2 Rg3 44. Kd2 Nxg5 45. Rxg6 Rxg4 46. Kc2 Rg1
47. Bd3 Nf3 48. Rxg1 Nxg1 49. c5 Nf3 50. Kc3 Ke6 51. Bc4+ Kd7 52. Bd5 Nd4 53.
Kc4 Nc2 54. Be4 Ne3+ 55. Kd3 Nd1 56. Bf5+ Kc7 57. b6+ Kb7 58. Be4+ Ka6 59. Kc4
Ne3+ 60. Kb4 Nd1 61. Bf3 Nf2 62. Be2+ Kb7 63. Kb5 e4 64. c6+ Kb8 65. c7+ Kb7 66.
Bc4 Nd3 67. Bd5+ Kc8 68. Be6+ 1-0

[Event "4th Alexander the Great Open"]
[Site "Neos Marmaras GRE"]
[Date "2012.04.18"]
[Round "4"]
[Board "1"]
[White "Galopoulos, Nikolaos"]
[Black "Pein, Malcolm"]
[Result "1-0"]
[BlackTitle "IM"]
[WhiteElo "2430"]
[BlackElo "2382"]
[WhiteFideId "4208951"]
[BlackFideId "400289"]
[EventDate "2012.04.16"]

1. d4 Nf6 2. c4 g6 3. Nc3 Bg7 4. e4 d6 5. f3 O-O 6. Be3 Nc6 7. Nge2 a6 8. Qd2
Rb8 9. Rc1 Bd7 10. Nd1 b5 11. c5 Re8 12. Nf2 dxc5 13. Rxc5 e5 14. d5 Ne7 15. Qc1
c6 16. dxc6 Nxc6 17. Rxc6 Bxc6 18. Qxc6 Qa5+ 19. Qc3 Qxa2 20. Nc1 Qa1 21. Nd3
Nd5 22. Qd2 Nxe3 23. Qxe3 Rbc8 24. Be2 Qa5+ 25. Kf2 Bf8 26. Bd1 Qc7 27. Bb3 a5
28. Ne2 Bc5 29. Nxc5 Qxc5 30. Rd1 a4 31. Bd5 b4 32. Ra1 Qxe3+ 33. Kxe3 Rc2 34.
Rxa4 Rxb2 35. Ra7 Rc8 36. Bxf7+ Kf8 37. Ra2 Rxa2 38. Bxa2 Rc2 39. Bd5 Ke7 40. h4
Rb2 41. Bg8 b3 42. Kd3 Rb1 43. Nc3 Rg1 44. Bxb3 Rxg2 45. Nd5+ Kd6 46. Ne3 Rh2
47. Bd5 Rxh4 48. Nc4+ Ke7 49. Nxe5 g5 50. Ng4 Rh1 51. Ne3 h5 52. e5 Re1 53. Kd2
Rb1 54. Nf5+ Kd8 55. e6 Rb6 56. Ke3 h4 57. Kf2 Rb2+ 58. Ke3 Rc2 59. Be4 Rc1 60.
Kf2 Rc3 61. Kg2 Rc8 62. Kh3 Kc7 63. Bd5 Rh8 64. e7 Kd7 65. Bf7 1-0

[Event "4th Alexander the Great Open"]
[Site "Neos Marmaras GRE"]
[Date "2012.04.18"]
[Round "4"]
[Board "3"]
[White "Gogolis, Alexandros"]
[Black "Antic, Dejan"]
[Result "0-1"]
[WhiteTitle "FM"]
[BlackTitle "GM"]
[WhiteElo "2245"]
[BlackElo "2513"]
[WhiteFideId "4202066"]
[BlackFideId "901008"]
[EventDate "2012.04.16"]

1. d4 e6 2. Nf3 Nf6 3. Bg5 h6 4. Bxf6 Qxf6 5. e4 d6 6. Nbd2 Bd7 7. c3 Nc6 8. Nc4
g5 9. Bd3 g4 10. Nfd2 h5 11. Ne3 Bh6 12. Qe2 O-O-O 13. O-O-O Qg5 14. Kb1 f5 15.
Nc2 Rde8 16. Rhf1 Rhg8 17. Bb5 a6 18. Ba4 Qg7 19. Rfe1 Rgf8 20. Qd3 Kb8 21. Re2
d5 22. e5 Nxe5 23. Rxe5 Bxa4 24. b3 Bb5 25. c4 dxc4 26. bxc4 Bc6 27. Nb4 Qd7 28.
Qb3 Ba4 29. Nxa6+ Kc8 30. Qa3 bxa6 31. Nb3 Qc6 32. Na5 Qb6+ 33. Nb3 Bxb3 34.
axb3 Bg7 35. Ra5 Kb7 36. Kc2 Rd8 37. c5 Qc6 38. d5 Rxd5 39. Rxd5 exd5 0-1